University Home | Library Home | Institutional Repository

Southern Rhodesia : (Record no. 67615)

MARC details
000 -LEADER
fixed length control field 00691cam7a220020500 4500
001 - CONTROL NUMBER
control field tmp15779434
003 - CONTROL NUMBER IDENTIFIER
control field UPRA
005 - DATE AND TIME OF LATEST TRANSACTION
control field 20190815105201.0
008 - FIXED-LENGTH DATA ELEMENTS--GENERAL INFORMATION
fixed length control field 951026s1963 rh eng u
035 ## - SYSTEM CONTROL NUMBER
System control number (Sirsi) r35070
035 ## - SYSTEM CONTROL NUMBER
System control number (UPRA)tmp15779434
040 ## - CATALOGING SOURCE
Transcribing agency UPRA
100 1# - MAIN ENTRY--PERSONAL NAME
Personal name Nesham, W. T.
Linkage A98114.1
245 10 - TITLE STATEMENT
Title Southern Rhodesia :
Remainder of title a brief historical and informative paper /
Statement of responsibility, etc. [by] W.T. Nesham [and] B.C. Heald.
260 ## - PUBLICATION, DISTRIBUTION, ETC.
Place of publication, distribution, etc. Salisbury :
Name of publisher, distributor, etc. Rhodesia Information Service,
Date of publication, distribution, etc. [1963?]
440 #0 - SERIES STATEMENT/ADDED ENTRY--TITLE
Title Nadform Information Sheet ;
Volume/sequential designation no. 24
Linkage S15105.1
651 #0 - SUBJECT ADDED ENTRY--GEOGRAPHIC NAME
Geographic name Rhodesia -- History.
General subdivision Rhodesia -- History.
Linkage S23277.1
949 ## - LOCAL PROCESSING INFORMATION (OCLC)
a (O2)1963/6
w lcc
m MAIN
t BOOK
l ON-SHELF

No items available.

© 2026 - The University of Zambia Library - Koha v25.11